Dinámica de grupos / (Record no. 206830)

MARC details
000 -CABECERA
campo de control de longitud fija 00805nam a2200241 u 4500
005 - FECHA Y HORA DE LA ÚLTIMA TRANSACCIÓN
campo de control 20220919093029.0
008 - ELEMENTOS DE LONGITUD FIJA--INFORMACIÓN GENERAL
campo de control de longitud fija 191209s1982 sp r 000 0 spa d
020 ## - NÚMERO INTERNACIONAL NORMALIZADO PARA LIBROS
Número Internacional Estándar del Libro 8420721867
035 ## - NÚMERO DE CONTROL DEL SISTEMA
Número de control de sistema UPN01000234735
040 ## - FUENTE DE LA CATALOGACIÓN
Centro catalogador/agencia de origen MX-MxUPN
Lengua de catalogación spa
Centro/agencia transcriptor MX-MxUPN
050 #4 - SIGNATURA TOPOGRÁFICA DE LA BIBLIOTECA DEL CONGRESO
Número de clasificación HM134
Número de documento/Ítem D56 1982
245 00 - MENCIÓN DE TÍTULO
Título Dinámica de grupos /
Mención de responsabilidad, etc. A. M. Däumling [y otros tres] ; traducción de Rodolfo Cabello Heras.
260 ## - PUBLICACIÓN, DISTRIBUCIÓN, ETC.
Lugar de publicación, distribución, etc. Madrid, España :
Nombre del editor, distribuidor, etc. Anaya,
Fecha de publicación, distribución, etc. 1982.
300 ## - DESCRIPCIÓN FÍSICA
Extensión 235 páginas
490 ## - MENCIÓN DE SERIE
Mención de serie Ciencias de la educación
500 ## - NOTA GENERAL
Nota general Traducción de: Angewandte Gruppendynamik
650 #2 - ASIENTO SECUNDARIO DE MATERIA - TERMINO TEMATICO
9 (RLIN) 21274
Término de materia o nombre geográfico como elemento de entrada Entrenamiento en relaciones de grupo
700 1# - ASIENTO SECUNDARIO--NOMBRE DE PERSONAL
Nombre de persona Däumling, Adolf,
Fechas asociadas al nombre 1917-2011
9 (RLIN) 46001
700 1# - ASIENTO SECUNDARIO--NOMBRE DE PERSONAL
Nombre de persona Cabello Heras, Rodolfo
Término indicativo de función/relación traductor
9 (RLIN) 46002
905 ## - TIPO DE MATERIAL
Tipo de material Libro
942 ## - ELEMENTOS DE PUNTO DE ACCESO ADICIONAL (KOHA)
Suprimir en OPAC No
Fuente del sistema de clasificación o colocación Library of Congress Classification
Tipo de ítem Koha Libro
Holdings
Estado de retiro Estado de pérdida Fuente del sistema de clasificación o colocación Estado dañado No para préstamo Código de colección Localización permanente Ubicación/localización actual Ubicación en estantería Fecha de adquisición Clasificación Código de barras Fecha visto por última vez Número de copia Tipo de ítem Koha
    Library of Congress Classification     Colección General Bib. Gregorio Torres Quintero Bib. Gregorio Torres Quintero Planta baja 01/09/2022 HM134 D56 1982 334261 31/12/2020 1 Libro